Pedagogía del nivel inicial

में बचाया:
ग्रंथसूची विवरण
मुख्य लेखक: San Martín de Duprat, Hebe (लेखक)
अन्य लेखक: Malajovich, Ana (autora)
स्वरूप: पुस्तक
भाषा:स्पेनिश
प्रकाशित: Buenos Aires Plus Ultra 1987
श्रृंखला:Serie propuestas didácticas, 2
विषय:
टैग: टैग जोड़ें
कोई टैग नहीं, इस रिकॉर्ड को टैग करने वाले पहले व्यक्ति बनें!

MARC

LEADER 00000nam a2200000 a 4500
001 UCW3689
003 CL-VaPUC
008 881215e19870000AG |||||||||||||||||spa|d
082 0 4 |a 372.21  |b SAN  |2 21 
100 0 |a San Martín de Duprat, Hebe  |e author  |9 308012 
700 |a Malajovich, Ana  |e autora  |9 567268 
245 1 0 |a Pedagogía del nivel inicial 
300 |a 112 p 
942 |c BK 
945 |d 19881215 00:00:00 
260 |a Buenos Aires  |b Plus Ultra  |c 1987 
650 0 |a Educación preescolar  |9 260381 
583 |a last modification  |c 19881215 00:00:00  |k Rodrigo Vera 
490 0 |a Serie propuestas didácticas, 2 
999 |c 217603  |d 217601 
952 |0 0  |1 0  |4 0  |6 372_210000000000000_SAN_1987  |7 0  |8 A  |9 205533  |a BIBEDU  |b BIBEDU  |d 2019-11-15  |i 2734915  |o 372.21 SAN 1987  |p 2734915  |r 2019-11-15  |w 2019-11-15  |y BK  |k EDU 
952 |0 0  |1 0  |4 0  |6 372_210000000000000_SAN_1987  |7 0  |8 A  |9 205534  |a BIBEDU  |b BIBEDU  |d 2019-11-15  |i 2734923  |o 372.21 SAN 1987  |p 2734923  |r 2019-11-15  |w 2019-11-15  |y BK  |k EDU